000 01218cam a2200481 4500
001 J121965
008 000000n2002 000 0 eng u
035 _a(Sirsi) u121965
050 _a338.4369094
_c18
110 _aEuroconstruct
_bConference
_n(54th :
_d2002
_cMunich)
_94423
245 _a54th Euroconstruct Conference, Munich (Germany)
_bthe outlook for the European construction sector 2002-2005
260 _aMunich
_bIfo Institute for Economic Research
_c2002
300 _a2 v.
_c30cm.
350 _a775
650 _aAUSTRIA
650 _aBELGIUM
650 _aCZECH REPUBLIC
650 _aDENMARK
650 _aEIRE
650 _aESTONIA
650 _aEUROPE
650 _aFINLAND
650 _aFRANCE
650 _aGERMANY
650 _aHUNGARY
650 _aITALY
650 _aLATVIA
650 _aLITHUANIA
650 _aNETHERLANDS
650 _aNORWAY
650 _aPOLAND
650 _aPORTUGAL
650 _aSLOVAK REPUBLIC
650 _aSPAIN
650 _aSWITZERLAND
650 _aUNITED KINGDOM
650 _aSTATISTICS
650 _aECONOMIC ISSUES
650 _aHOUSING
650 _aEUROCONSTRUCT
690 _aBUILT ENVIRONMENT
942 _n0
999 _c102767
_d102767